[Event "Goch op 26th"]
[Site "Goch"]
[Date "2015.09.06"]
[Round "6"]
[White "Beckmann, Arne"]
[Black "Lessing, Sebastian"]
[Result "1/2-1/2"]
[WhiteElo "1922"]
[BlackElo "1845"]
[PlyCount "53"]
[EventDate "2015.09.03"]
[EventType "swiss"]
[EventRounds "7"]
[EventCountry "GER"]
[SourceTitle "EXT 2018"]
[Source "ChessBase"]
[SourceDate "2017.10.13"]
[SourceVersion "1"]
[SourceVersionDate "2017.10.13"]
[SourceQuality "1"]

1. e4 g6 2. d4 Bg7 3. Nf3 c5 4. d5 d6 5. c4 e5 6. Nc3 Ne7 7. Bd3 0-0 8. 0-0 f5 9. Ne1 f4 10. g4 g5 11. f3 Ng6 12. Bd2 Nd7 13. a3 Nf6 14. b4 b6 15. bxc5 bxc5 16. Rb1 h5 17. h3 hxg4 18. hxg4 Nh4 19. Be2 Kf7 20. Ng2 Rh8 21. Kf2 Bd7 22. Rb7 a6 23. Qb3 Nxg2 24. Kxg2 Qg8 25. Qb1 Rh4 26. Rh1 Qh7 27. Qg1 1/2-1/2

[Event "Goch op 26th"]
[Site "Goch"]
[Date "2015.09.05"]
[Round "4"]
[White "Venhoff, Michael"]
[Black "Lessing, Sebastian"]
[Result "1-0"]
[WhiteElo "1995"]
[BlackElo "1845"]
[PlyCount "53"]
[EventDate "2015.09.03"]
[EventType "swiss"]
[EventRounds "7"]
[EventCountry "GER"]
[SourceTitle "EXT 2018"]
[Source "ChessBase"]
[SourceDate "2017.10.13"]
[SourceVersion "1"]
[SourceVersionDate "2017.10.13"]
[SourceQuality "1"]

1. d4 g6 2. c4 Bg7 3. Nc3 c5 4. d5 d6 5. e4 e5 6. Bd3 Ne7 7. Nge2 f5 8. 0-0 Nd7 9. a3 Nf6 10. b4 b6 11. Bd2 0-0 12. Qb3 f4 13. f3 g5 14. g4 Ng6 15. a4 Nh4 16. a5 bxa5 17. bxc5 dxc5 18. Na4 Nd7 19. Qb5 Rb8 20. Qxa5 Qe7 21. Kf2 Rf6 22. Rfb1 Rxb1 23. Rxb1 Ra6 24. Qc7 Rxa4 25. Qxc8+ Nf8 26. Rb7 Qd6 27. Qe8 1-0

[Event "Goch op 26th"]
[Site "Goch"]
[Date "2015.09.03"]
[Round "1"]
[White "Lessing, Sebastian"]
[Black "Westermann, Johannes"]
[Result "0-1"]
[WhiteElo "1845"]
[BlackElo "2154"]
[PlyCount "70"]
[EventDate "2015.09.03"]
[EventType "swiss"]
[EventRounds "7"]
[EventCountry "GER"]
[SourceTitle "EXT 2018"]
[Source "ChessBase"]
[SourceDate "2017.10.13"]
[SourceVersion "1"]
[SourceVersionDate "2017.10.13"]
[SourceQuality "1"]

1. Nc3 d5 2. e4 d4 3. Nce2 e5 4. Nf3 Bd6 5. Ng3 Ne7 6. Bc4 0-0 7. d3 Bb4+ 8. Bd2 Bxd2+ 9. Qxd2 Qd6 10. h4 Be6 11. Bxe6 Qxe6 12. h5 h6 13. Nh4 c5 14. Ngf5 Nbc6 15. g4 Qf6 16. Nf3 Qe6 17. Rg1 Kh7 18. Nxe7 Nxe7 19. g5 f5 20. gxh6 gxh6 21. exf5 Rxf5 22. Nh2 Rxh5 23. Ng4 Rg8 24. f3 Rg6 25. b3 Nd5 26. 0-0-0 Nc3 27. Rh1 Rf5 28. Rdf1 Kg7 29. Kb2 h5 30. Nf2 b5 31. Ne4 Nxe4 32. fxe4 Rxf1 33. Rxf1 c4 34. Qb4 c3+ 35. Kc1 Qf6 0-1

[Event "Cologne Longerich op 8th"]
[Site "Cologne"]
[Date "2011.08.14"]
[Round "4"]
[White "Lessing, Sebastian"]
[Black "Gottas, Mike"]
[Result "1/2-1/2"]
[WhiteElo "1767"]
[BlackElo "1949"]
[PlyCount "65"]
[EventDate "2011.08.12"]
[EventType "swiss"]
[EventRounds "5"]
[EventCountry "GER"]
[SourceTitle "EXT 2017"]
[Source "ChessBase"]
[SourceDate "2016.10.25"]
[SourceVersion "1"]
[SourceVersionDate "2016.10.25"]
[SourceQuality "1"]

1. Nc3 b6 2. e4 Bb7 3. Bc4 e6 4. Nf3 Bb4 5. Qe2 Ne7 6. 0-0 0-0 7. Nd1 d5 8. Bd3 Ng6 9. g3 Be7 10. Re1 d4 11. b3 c5 12. c4 Nc6 13. Bb1 Qc7 14. d3 Bd6 15. Nd2 f5 16. exf5 exf5 17. f4 Rae8 18. Qxe8 Rxe8 19. Rxe8+ Kf7 20. Re2 Bxf4 21. gxf4 Nxf4 22. Rf2 Nh3+ 23. Kf1 Nxf2 24. Nxf2 Qf4 25. Bc2 Nb4 26. Nde4 Qxh2 27. Ng5+ Kf6 28. Bd1 Bg2+ 29. Ke2 Qe5+ 30. Nge4+ fxe4 31. Ng4+ Kf5 32. Nxe5 Kxe5 33. dxe4 1/2-1/2

[Event "Dortmund Sparkassen op-B"]
[Site "Dortmund"]
[Date "2011.07.30"]
[Round "8"]
[White "Ertelt, Pornchai"]
[Black "Lessing, Sebastian"]
[Result "0-1"]
[WhiteElo "1705"]
[BlackElo "1856"]
[PlyCount "72"]
[EventDate "2011.07.23"]
[EventType "swiss"]
[EventRounds "9"]
[EventCountry "GER"]
[SourceTitle "EXT 2013"]
[Source "ChessBase"]
[SourceDate "2012.11.22"]
[SourceVersion "1"]
[SourceVersionDate "2012.11.22"]
[SourceQuality "1"]

1. d4 g6 2. Nf3 Bg7 3. Bf4 c5 4. c3 cxd4 5. cxd4 Nc6 6. e3 Qb6 7. Qd2 Nf6 8. Nc3 0-0 9. Be2 d6 10. 0-0 Nh5 11. Bg5 f6 12. Bh4 Bh6 13. d5 Nb8 14. Nd4 Ng7 15. f4 Nf5 16. Nxf5 Bxf5 17. Bf2 Bd7 18. h4 Na6 19. g4 Qa5 20. g5 Bg7 21. h5 Rac8 22. e4 fxg5 23. Bd4 Bxd4+ 24. Qxd4 gxf4 25. hxg6 hxg6 26. Kg2 Qb4 27. Qd2 g5 28. Rh1 Nc5 29. a3 Nxe4 30. Qc2 Rxc3 31. Qxc3 Nxc3 32. axb4 Nxe2 33. Rxa7 Bc8 34. Rh5 g4 35. Rg5+ Kh7 36. Ra1 Kh6 0-1

[Event "Leverkusen Bayer op 9th"]
[Site "Leverkusen"]
[Date "2011.04.11"]
[Round "7"]
[White "Witte, Thomas"]
[Black "Lessing, Sebastian"]
[Result "1/2-1/2"]
[WhiteElo "1823"]
[BlackElo "1604"]
[PlyCount "67"]
[EventDate "2011.01.10"]
[EventType "swiss"]
[EventRounds "7"]
[EventCountry "GER"]
[SourceTitle "EXT 2012"]
[Source "ChessBase"]
[SourceDate "2011.11.24"]
[SourceVersion "1"]
[SourceVersionDate "2011.11.24"]
[SourceQuality "1"]

1. e4 d6 2. f4 g6 3. Nf3 Bg7 4. Nc3 Nf6 5. Bc4 Nc6 6. d3 Bg4 7. Be3 e5 8. h3 Bxf3 9. Qxf3 exf4 10. Qxf4 0-0 11. 0-0 Nh5 12. Qf2 Ne5 13. Bb3 Kh8 14. g4 Nf6 15. Bg5 Nfxg4 16. Bxd8 Nxf2 17. Bxc7 Nxh3+ 18. Kg2 Ng5 19. Bxd6 Rfe8 20. Bxe5 Bxe5 21. Bxf7 Rec8 22. Bc4 a6 23. a4 Rc5 24. Rf2 Bxc3 25. bxc3 Nxe4 26. Rf7 Nd6 27. Rd7 Nxc4 28. dxc4 Rxc4 29. Re1 Rxa4 30. Ree7 Rh4 31. Rxb7 Rg4+ 32. Kh3 h5 33. Rh7+ Kg8 34. Rbg7+ 1/2-1/2

[Event "Leverkusen-ch op"]
[Site "Leverkusen"]
[Date "2010.04.12"]
[Round "6"]
[White "Lessing, Sebastian"]
[Black "Wilschrey, Andreas"]
[Result "1-0"]
[WhiteElo "1567"]
[BlackElo "1419"]
[PlyCount "114"]
[EventDate "2010.01.18"]
[EventType "swiss"]
[EventRounds "7"]
[EventCountry "GER"]
[SourceTitle "EXT 2011"]
[Source "ChessBase"]
[SourceDate "2010.11.26"]
[SourceVersion "1"]
[SourceVersionDate "2010.11.26"]
[SourceQuality "1"]

1. e4 e6 2. d4 c5 3. c3 b6 4. Bd3 Bb7 5. Nf3 d5 6. e5 Nc6 7. 0-0 Be7 8. Qc2 h5 9. Be3 Nh6 10. Qd2 cxd4 11. cxd4 a6 12. h3 Rc8 13. a3 Na5 14. Qe2 Nb3 15. Ra2 b5 16. Nbd2 Na5 17. a4 Nc4 18. axb5 axb5 19. b3 Nxe3 20. Bxb5+ Kf8 21. fxe3 g5 22. Nh2 g4 23. hxg4 hxg4 24. Nxg4 Nf5 25. Qf3 Rc3 26. Raa1 Qb6 27. Ba4 Bg5 28. Rae1 Ba6 29. Nb1 Rd3 30. b4 Rxd4 31. exd4 Qxd4+ 32. Rf2 Qxb4 33. Qa3 Qxa3 34. Nxa3 Rh4 35. Bd1 Ng3 36. Nh2 Ne4 37. Rf3 Bf4 38. Rh3 Bd2 39. Rxh4 Bxe1 40. Rf4 Bd2 41. Rf3 d4 42. Ng4 Nc3 43. Nf2 Be3 44. Bb3 Bb7 45. Kf1 Bxf3 46. gxf3 Bf4 47. Nd3 Be3 48. Nc2 Ke7 49. Nxe3 dxe3 50. Ne1 f6 51. exf6+ Kxf6 52. Nc2 e5 53. Nxe3 e4 54. f4 Nb5 55. Ke1 Nd4 56. Bd5 Nf5 57. Ng4+ Kg6 1-0

[Event "Leverkusen-ch op"]
[Site "Leverkusen"]
[Date "2010.01.18"]
[Round "1"]
[White "Lessing, Sebastian"]
[Black "Kies, Werner"]
[Result "1-0"]
[WhiteElo "1567"]
[BlackElo "2089"]
[PlyCount "36"]
[EventDate "2010.01.18"]
[EventType "swiss"]
[EventRounds "7"]
[EventCountry "GER"]
[SourceTitle "EXT 2011"]
[Source "ChessBase"]
[SourceDate "2010.11.26"]
[SourceVersion "1"]
[SourceVersionDate "2010.11.26"]
[SourceQuality "1"]

1. e4 c5 2. Nf3 e6 3. d4 cxd4 4. Qxd4 Nc6 5. Qa4 Nf6 6. Be2 Bc5 7. 0-0 0-0 8. Bg5 h6 9. Bh4 d6 10. c3 Bd7 11. Qc2 e5 12. Nbd2 a5 13. Nc4 Ne7 14. Bxf6 gxf6 15. Qd2 Kh7 16. Ne3 Rg8 17. g3 Rg7 18. Nh4 Qg8 1-0

[Event "Leverkusen-ch op"]
[Site "Leverkusen"]
[Date "2008.01.14"]
[Round "1"]
[White "Becker, Rainer"]
[Black "Lessing, Sebastian"]
[Result "1-0"]
[WhiteElo "1979"]
[BlackElo "1614"]
[PlyCount "61"]
[EventDate "2008.01.14"]
[EventType "swiss"]
[EventRounds "7"]
[EventCountry "GER"]
[SourceTitle "EXT 2010"]
[Source "ChessBase"]
[SourceDate "2010.11.25"]
[SourceVersion "1"]
[SourceVersionDate "2010.11.25"]
[SourceQuality "1"]

1. e4 e5 2. d4 exd4 3. c3 dxc3 4. Bc4 Nc6 5. Nf3 h6 6. 0-0 d6 7. Nxc3 Bg4 8. Qb3 Qd7 9. Bxf7+ Qxf7 10. Qxb7 Rd8 11. Qxc6+ Qd7 12. Nd4 Be7 13. Nd5 Rc8 14. Be3 Bf6 15. Rac1 Kd8 16. f3 Be6 17. Nxe6+ Qxe6 18. Nxc7 Qd7 19. Qxd7+ Kxd7 20. Nb5 Ne7 21. Rfd1 Rxc1 22. Bxc1 Kc6 23. Nxa7+ Kb7 24. Nb5 Kc6 25. a4 Rd8 26. b3 g5 27. Be3 Nc8 28. Rc1+ Kd7 29. a5 Ne7 30. Rc7+ Ke8 31. a6 1-0

[Event "Leverkusen-ch op"]
[Site "Leverkusen"]
[Date "2007.03.12"]
[Round "6"]
[White "Stolzenberg, Peter"]
[Black "Lessing, Sebastian"]
[Result "1-0"]
[WhiteElo "1492"]
[BlackElo "1628"]
[PlyCount "69"]
[EventDate "2007.01.08"]
[EventType "swiss"]
[EventRounds "7"]
[EventCountry "GER"]
[SourceTitle "EXT 2008"]
[Source "ChessBase"]
[SourceDate "2007.11.25"]
[SourceVersion "1"]
[SourceVersionDate "2007.11.25"]
[SourceQuality "1"]

1. d4 d5 2. Bf4 Bf5 3. Nf3 e6 4. e3 Nf6 5. c3 Bd6 6. Bg5 0-0 7. Nbd2 h6 8. Bh4 Nbd7 9. Be2 Qe8 10. 0-0 Be4 11. Nxe4 Nxe4 12. Nd2 Ndf6 13. Nxe4 Nxe4 14. f3 Ng5 15. Bxg5 hxg5 16. e4 f6 17. Qb3 Qh5 18. g3 Kf7 19. exd5 Rh8 20. dxe6+ Ke7 21. Kf2 Qxh2+ 22. Ke1 Qxg3+ 23. Kd1 Qf4 24. Qb5 Rhd8 25. d5 a6 26. Qd3 c6 27. Qg6 Bb4 28. Qxg7+ Kd6 29. cxb4 Qd4+ 30. Kc2 cxd5 31. Rad1 Rdc8+ 32. Kb1 Qxb4 33. Qd7+ Ke5 34. Qxd5+ Kf4 35. Rd4+ 1-0

[Event "Leverkusen-ch op"]
[Site "Leverkusen"]
[Date "2005.04.04"]
[Round "8"]
[White "Depping, Thomas"]
[Black "Lessing, Sebastian"]
[Result "1-0"]
[WhiteElo "1661"]
[BlackElo "1110"]
[PlyCount "43"]
[EventDate "2005.01.10"]
[EventType "swiss"]
[EventRounds "9"]
[EventCountry "GER"]
[SourceTitle "EXT 2006"]
[Source "ChessBase"]
[SourceDate "2005.11.24"]
[SourceVersion "1"]
[SourceVersionDate "2005.11.24"]
[SourceQuality "1"]

1. e4 e5 2. Nc3 Nf6 3. f4 exf4 4. e5 Ng8 5. Nf3 Bb4 6. Nd5 Nc6 7. Nxb4 Nxb4 8. d4 d6 9. Bxf4 Bg4 10. Bb5+ c6 11. Be2 Bxf3 12. Bxf3 dxe5 13. Bxe5 f6 14. Bg3 Qa5 15. 0-0 0-0-0 16. Bg4+ Rd7 17. Bxd7+ Kxd7 18. Qg4+ Kd8 19. Qxg7 Nxc2 20. Qxh8 Qd5 21. Qxh7 Nxa1 22. Rxa1 1-0

[Event "Leverkusen-ch op"]
[Site "Leverkusen"]
[Date "2005.02.14"]
[Round "4"]
[White "Behrens, Wilfried"]
[Black "Lessing, Sebastian"]
[Result "1-0"]
[WhiteElo "1717"]
[BlackElo "1110"]
[PlyCount "57"]
[EventDate "2005.01.10"]
[EventType "swiss"]
[EventRounds "9"]
[EventCountry "GER"]
[SourceTitle "EXT 2006"]
[Source "ChessBase"]
[SourceDate "2005.11.24"]
[SourceVersion "1"]
[SourceVersionDate "2005.11.24"]
[SourceQuality "1"]

1. d4 d5 2. Nf3 Bg4 3. Bf4 Nf6 4. e3 e6 5. Be2 Bd6 6. Bg5 Nbd7 7. Nbd2 h6 8. Bh4 e5 9. dxe5 Nxe5 10. Nxe5 Bxe2 11. Nxf7 Bxd1 12. Nxd8 Bxc2 13. Bxf6 gxf6 14. Ne6 Be5 15. Rc1 Bd3 16. Nxc7+ Bxc7 17. Rxc7 Kd8 18. Rc5 Ba6 19. Nf3 Rc8 20. Rxc8+ Kxc8 21. Kd2 Kd7 22. Rc1 h5 23. h4 b5 24. b4 Rg8 25. g3 Bb7 26. Nd4 a6 27. a3 f5 28. Ne2 Kd6 29. Nf4 1-0